Parsley Dishes - Sudden Death - Statistics

General Stats
  • This quiz has been taken 30 times
  • The average score is 8 of 16
Answers on the Grid
Answers color-coded by a green-red scale on the quiz's grid according to % correct below.
Tabbouleh
Moules à la provençale
Omelette aux fines herbes
Matambre con chimichurri
Escargots de Bourgogne
Lahmacun
Capesante alla veneziana
Choripán
Sole meunière
Shirazi salad
Ghormeh sabzi
Spaghetti alle vongole
Coronation chicken
Pie and mash
Chicken Kiev
Salmone al salmoriglio
Masoob
Pizza Margherita
Pesto rigatoni
Caesar salad
Spaghetti con la sarde
Poutine
Cobb salad
Fish and brewis
Phở
Salade périgourdine
Gougères
Cacio e pepe
 
Answer Stats
Answer % Correct
Sole meunière
77%
Shirazi salad
69%
Spaghetti alle vongole
69%
Tabbouleh
69%
Matambre con chimichurri
62%
Moules à la provençale
62%
Omelette aux fines herbes
62%
Escargots de Bourgogne
46%
Pie and mash
46%
Chicken Kiev
38%
Choripán
38%
Coronation chicken
38%
Capesante alla veneziana
31%
Salmone al salmoriglio
31%
Ghormeh sabzi
23%
Lahmacun
23%
No matching quizzes found
Score Distribution
Percent of People with Each Score
Percentile by Number Answered
Your Score History
You have not taken this quiz